Lessons without limit : how free-choice learning is transforming education
Αποθηκεύτηκε σε:
| Κύριος συγγραφέας: | |
|---|---|
| Μορφή: | Βιβλίο |
| Γλώσσα: | English |
| Δημοσίευση: |
Walnut Creek :
Altamira Press,
2002
|
| Θέματα: | |
| Ετικέτες: |
Προσθήκη ετικέτας
Δεν υπάρχουν, Καταχωρήστε ετικέτα πρώτοι!
|
MARC
| LEADER | 00000nam a2200000 i 4500 | ||
|---|---|---|---|
| 001 | 1/77651 | ||
| 008 | 050531s2002 eng d | ||
| 020 | |a 0-7591-0160-4 | ||
| 035 | |l 10078297 | ||
| 040 | |a GR-MY-UA |b gre |e aacr | ||
| 041 | 0 | |a eng | |
| 082 | 0 | |a 374.973 |2 (22) | |
| 100 | 1 | |a Falk, John H. |q (John Howard), |d 1948- | |
| 245 | 1 | 0 | |a Lessons without limit : |b how free-choice learning is transforming education / |c John H. Falk and Lynn D. Dierking |
| 260 | |a Walnut Creek : |b Altamira Press, |c 2002 | ||
| 300 | |a x, 189 σ.; |b εικ.; |c 23 εκ. | ||
| 504 | |a Περιέχει βιβλιογραφικές παραπομπές | ||
| 650 | 0 | 0 | |a Continuing education |z United States. |
| 650 | 0 | 0 | |a Non-formal education |z United States. |
| 852 | |a INST |b LESVOS |e 20050531 |h 374.973 FAL |p 005100032302 |q 005100032302 |t BK |y 0 | ||
| 901 | |a BIBL1-2005-2 | ||
| 909 | |a Λ |b 113404 | ||
| 920 | |a ΔΙΕΥΡΥΝΣΗ |b ΕΠΕΑΕΚ-ΠΤΕ |y ΛΕΣΒΟΣ |z 2004-09 | ||
| 970 | |a ΜΑΡΙΝΑΤΟΥ |b ΜΥΡΣΙΝΗ |z 2005/05/31 | ||